000 00833nam a2200277Ia 4500
001 Para_9604
003 CHAP
008 220125s2007 xx 000 0 und d
010 _a208275
040 _cCHAP
082 _aPA 632.90294 Y12
100 _aYagüe González, Juan I.
_9122943
245 _aGuía práctica de productos fitosanitarios /
_c Juan I. Yagüe González y Ángel Yagüe Martínez de Tejeda
260 _aMadrid :
_b Mundi Prensa
300 _a414 p.
500 _aLa biblioteca tiene: 2008
650 0 _aProductos fitosanitarios
_vManual
_9163848
700 _aYagüe Martínez de Tejeda, Ángel
_9163849
901 _aPA 632.90294 Y12
902 _aM
905 _a5231272007 sp 8112223321spa11
910 _a2007
942 _cPARA
942 _cPARA
_d1
999 _c208275
_d208275